000 00679nam a2200229Ia 4500
003 OSt
005 20220926011911.0
006 a|||||r|||| 00| 0
007 ta
008 220923b |||||||| |||| 00| 0 eng d
037 _cGeneral Book
040 _aRTL
_cRTL
_beng
041 _2eng
_aeng
082 _aX:8, L6
100 _aKory Robert B
_9315209
245 0 _aTranscendental meditationa program for business p
260 _aNew York
_bAmerican Management Association Management U S A
_c1976
300 _a91p. Bib p89-91,Appendix p 59-87
_ccm.
650 _aManagement
_930681
942 _hX:8, L6
_cGB
_2CC
999 _c621259
_d621259